1650 1142 1645 1942 1386 1285 1424 1677 1015 1831 1141 1692 1567 1680 1216 1565 1039 1312 1666 1803 1061 1669 1594 1279 1251 1875 1265 1119 1617 1145 1255 1699 1418 1979 1265 1135 1870 1813 1149 1073 1202 1793 1515 1300 1710 1966 1157 1259 1675 1659 1018 1267 1597 1351 1172 1146 1373 1843 1850 1020 1589 1524 1650 1321 1021 1265 1774 1928 1613 1117 1704 1160 1201 1966 1146 1610 1972 1482 1918 1947 1784 1979 1744 1929 1185 1141 1309 1967 1305 1562 1919 1186 1306 1512 1472 1161 1669 1814 1045 BCNSPRNW ULIB Ver.6.0+V

เปลี่ยนเป็นภาษาไทย

Change to English
 แสดงรายละเอียดบรรณานุกรม
  กลับหน้าหลัก

Brief Record : Get Marc (ISO 2709) : E-mail record : QR code < ปิดหน้าต่าง
LEADER : 00000nam 2200000uu 4500
001    13399124502
003     ULIB
008    020711s2556 th a 000 0 tha d
020    9789749804209
020    9789749804201
090    นว.^bล158บ ล.2
100    ล่อร่า อิงกัลล์ส์ ไวล์เดอร์;^eผู้แต่ง
245    บ้านเล็กในทุ่งกว้าง/^cล่อร่า อิงกัลล์ส์ ไวล์เดอร์ ; เขียน,สุคนธรส ; แปล
250    พิมพ์ครั้งที่10
260    กรุงเทพฯ :^bแพรวเยาวชน,^c2556
300    243 หน้า;^b18.5 ซม.
500    หนังสือชุดบ้านเล็ก
700    สุคนธรส ;^eแปล
945    ^p155^l0^i039773
999    ^aทศพร
รายการนี้ยังไม่มีแท็ก
คุณยังไม่ได้ล็อกอิน คุณสามารถมีกิจกรรมร่วมกับเว็บไซต์ได้ แต่ต้องล็อกอินก่อน ::
  ล็อกอิน

รายการสื่อสารสนเทศ

ลำดับที่ ประเภท เลขเรียก/บาร์โค้ด สถานที่ สถานะ
1. นวนิยาย
นวนิยาย
นว. ล158บ ล.2 ฉ.1 
  Barcode: 039773
ห้องสมุดวิทยาเขตสวรรค์ประชารักษ์
►นวนิยาย
ถูกยืม กำหนดส่งวันที่ 6 มีนาคม 2567
  จอง

BibComment


ยังไม่เคยถูกคอมเมนท์

คอมเมนท์ทรัพยากรรายการนี้
  คอมเมนท์: บ้านเล็กในทุ่งกว้..


 Copyright 2026. Bcnsprnw @Library